=LDR 00000nam 2200000 4500 =001 INLIS00000000000017 =005 20260702043538 =020 ##$$a 978-623-6153-70-3 =082 ##$$a 636.932 =100 1#$$a Danendra, Dimas =245 1 $$a Berlimpah Rejeki Dari Kelinci Mini /$c Dimas Danendra =300 ##$$a viii+92 ; 14,8 x 21 cm